Welcome to the Holygrace Academy Library

Please use search bar below to get started

CHARITHRATHINTE PATHAYIL (Record no. 5569)

MARC details
000 -LEADER
fixed length control field 00296nam a22001337a 4500
082 ## - DEWEY DECIMAL CLASSIFICATION NUMBER
Classification number 894.812
Item number KUR/C
100 ## - MAIN ENTRY--AUTHOR NAME
Personal name KURUPP, K.K.N
245 ## - TITLE STATEMENT
Title CHARITHRATHINTE PATHAYIL
260 ## - PUBLICATION, DISTRIBUTION, ETC. (IMPRINT)
Place of publication CALICUT
Name of publisher REED BOOKS
Year of publication 1999
300 ## - PHYSICAL DESCRIPTION
Number of Pages 120
520 ## - SUMMARY, ETC.
Summary, etc AUTOBIOGRAPHY
650 ## - SUBJECT ADDED ENTRY--TOPICAL TERM
Topical Term AUTOBIOGRAPHY
942 ## - ADDED ENTRY ELEMENTS (KOHA)
Koha item type Books
Holdings
Withdrawn status Lost status Collection code Home library Current library Shelving location Date acquired Source of acquisition Cost, normal purchase price Full call number Accession Number Koha item type
    Fiction Main Library Main Library SHELF-16L- MALAYALAM BIOGRAPHY,STUDIES/CRITICISM 06/05/2006 Purchase 40.00 894.812 KUR/C 02341 Books